000 00607nam a22001937a 4500
005 20260121155043.0
010 _aENG-147620
020 _a9788198829597
_c495.00
035 _aEN-131152
037 _bDBAD
082 _a355.0310954095491
_21
100 _aMarino, Francesca
_986764
245 _aBalakot:
_bFrom Pulwama to Payback: /
_cFrancesca Marino
250 _a1
260 _aNew Delhi
_bVitasta Publishing
_c2025
270 _a2/15,Ansari Road,Daryaganj,
_bNew Delhi
_e110002
_mvitastapublishing.com
300 _a187p.
_c21cm(Pb)
942 _2ddc
_cEN
_h355.0310954095491
_mMAR
999 _c214413
_d214413